[Event "Admiral Niels Juel Cup 2013"]
[Site "Koge"]
[Date "2013.04.24"]
[Round "6"]
[White "Epishin, Vladimir"]
[Black "Prosviriakov, Vladimir"]
[Result "1-0"]
[WhiteElo "2612"]
[BlackElo "2304"]
[PlyCount "81"]
[EventDate "2013.??.??"]
[EventCountry "DEN"]


1. d4 d6 2. Nf3 g6 3. e4 Bg7 4. Bc4 e6 5. Bb3 Nd7 6. O-O Ne7 7. c4 O-O 8. Nc3
h6 9. Be3 Kh7 10. Bc2 b6 11. Qe2 Ba6 12. Rad1 c6 13. b3 Qc7 14. h4 e5 15. h5
Rae8 16. dxe5 Nxe5 17. Nxe5 Bxe5 18. Qd3 Rd8 19. f4 Bg7 20. f5 Be5 21. hxg6+
fxg6 22. Rf3 Kg7 23. Qd2 g5 24. Ne2 Kf7 25. Rh3 Rh8 26. Nd4 Bc8 27. Qe2 c5 28.
Qh5+ Kf6 29. Nf3 Rdg8 30. Nxg5 hxg5 31. Bxg5+ Kg7 32. f6+ Bxf6 33. Bxf6+ Kxf6
34. Qf3+ Ke6 35. e5 dxe5 36. Be4 Rxh3 37. Qxh3+ Kf7 38. Qh5+ Kg7 39. Rf1 Bf5
40. Bxf5 Qd6 41. Qh7+ 1-0

[Event "Admiral Niels Juel Cup 2013"]
[Site "Koge"]
[Date "2013.04.24"]
[Round "6"]
[White "Narciso Dublan, Marc"]
[Black "Arjun, Bharat"]
[Result "1-0"]
[WhiteElo "2551"]
[BlackElo "2281"]
[PlyCount "103"]
[EventDate "2013.??.??"]
[EventCountry "DEN"]


1. e4 c6 2. d4 d5 3. Nd2 dxe4 4. Nxe4 Bf5 5. Nc5 e5 6. Nxb7 Qb6 7. Nc5 exd4 8.
Nb3 Bb4+ 9. Bd2 Bxd2+ 10. Qxd2 c5 11. O-O-O Ne7 12. Qa5 O-O 13. Nf3 Rc8 14. Bc4
Qh6+ 15. Qd2 Qd6 16. Rhe1 Nbc6 17. Qg5 Kf8 18. a3 a5 19. Nh4 Bg6 20. Nxg6+ Nxg6
21. Qxc5 Qxc5 22. Nxc5 Nce5 23. Bd5 Ra7 24. b4 axb4 25. axb4 d3 26. Bb3 dxc2
27. Bxc2 f6 28. Re4 f5 29. Red4 Ne7 30. Rd8+ Rxd8 31. Rxd8+ Kf7 32. Bb3+ Kg6
33. Rd6+ Kh5 34. Ne6 g6 35. Kb2 Rb7 36. Kc3 N5c6 37. Nf4+ Kh6 38. Nd5 Na7 39.
Bc4 Nec8 40. Ra6 Kg7 41. Kd4 Ne7 42. Nxe7 Rxe7 43. b5 Nc8 44. Rc6 Rd7+ 45. Kc5
Ne7 46. Rd6 Rc7+ 47. Kb4 Nc8 48. Rc6 Rxc6 49. bxc6 Ne7 50. c7 Kf6 51. Kc5 Ke5
52. Ba6 1-0

[Event "Admiral Niels Juel Cup 2013"]
[Site "Koge"]
[Date "2013.04.24"]
[Round "6"]
[White "Pavlovic, Milos"]
[Black "Stojanovski, Sandi"]
[Result "1-0"]
[WhiteElo "2509"]
[BlackElo "2260"]
[PlyCount "109"]
[EventDate "2013.??.??"]
[EventCountry "DEN"]


1. e4 c5 2. Nc3 Nc6 3. Nf3 e5 4. Bc4 Be7 5. d3 d6 6. a3 Nf6 7. Bg5 Nd7 8. Bxe7
Qxe7 9. Nd5 Qd8 10. b4 O-O 11. c3 Nb6 12. Nxb6 axb6 13. O-O Be6 14. Bxe6 fxe6
15. Qe2 Qe7 16. Rfb1 Ra7 17. Nd2 d5 18. b5 Nb8 19. d4 cxd4 20. cxd4 Nd7 21.
dxe5 Nxe5 22. exd5 exd5 23. Re1 Qf6 24. Ra2 Ng6 25. Nf3 Raa8 26. Qd1 Nf4 27. g3
Nd3 28. Re3 Nc5 29. Rae2 Rad8 30. Nd4 Ne4 31. f3 Nc5 32. Kg2 Qd6 33. Re5 Nd7
34. Re6 Qxa3 35. R6e3 Qc5 36. Ne6 Qxb5 37. Qd4 Nf6 38. Nxd8 Rxd8 39. Re7 Qc5
40. Qd2 d4 41. R2e5 Nd5 42. Qg5 Qc2+ 43. Re2 Qg6 44. Qxg6 hxg6 45. Re8+ Rxe8
46. Rxe8+ Kf7 47. Re4 b5 48. Rxd4 Ke6 49. f4 Kd6 50. Kf3 Kc5 51. Ke4 Nf6+ 52.
Kd3 b4 53. Rc4+ Kb5 54. Rc7 b6 55. Rxg7 1-0

[Event "Admiral Niels Juel Cup 2013"]
[Site "Koge"]
[Date "2013.04.24"]
[Round "6"]
[White "Satyapragyan, Swayangsu"]
[Black "Eriksson, Christian Altenburg"]
[Result "1-0"]
[WhiteElo "2463"]
[BlackElo "2173"]
[PlyCount "59"]
[EventDate "2013.??.??"]
[EventCountry "DEN"]


1. e4 c5 2. Nc3 Nc6 3. Nf3 Nf6 4. Bb5 g6 5. h3 Bg7 6. Bxc6 dxc6 7. d3 O-O 8.
Bf4 Nd7 9. Qd2 e5 10. Bh6 f6 11. Bxg7 Kxg7 12. h4 Rf7 13. O-O-O Nf8 14. Rdg1
Ne6 15. g4 Nd4 16. Nxd4 cxd4 17. Ne2 a5 18. f4 Qd6 19. f5 Qb4 20. c3 dxc3 21.
Nxc3 a4 22. a3 Qd6 23. fxg6 hxg6 24. g5 Kf8 25. h5 gxh5 26. Rxh5 Qd4 27. Rf1
Ke7 28. Rh8 b5 29. g6 Rg7 30. Qh6 1-0

[Event "Admiral Niels Juel Cup 2013"]
[Site "Koge"]
[Date "2013.04.24"]
[Round "6"]
[White "Vovk, Oksana"]
[Black "Sharma, Dinesh K"]
[Result "0-1"]
[WhiteElo "2133"]
[BlackElo "2371"]
[PlyCount "58"]
[EventDate "2013.??.??"]
[EventCountry "DEN"]


1. c4 Nf6 2. g3 g6 3. Bg2 Bg7 4. Nc3 O-O 5. d4 d6 6. e4 e5 7. Nge2 Nbd7 8. O-O
exd4 9. Nxd4 Nc5 10. h3 Re8 11. Re1 a5 12. Rb1 a4 13. b4 axb3 14. axb3 Bd7 15.
Kh2 Qb8 16. b4 Na4 17. Nxa4 Bxa4 18. Qd3 Bd7 19. Be3 Qd8 20. c5 dxc5 21. bxc5
Bc8 22. f3 c6 23. Red1 Qe7 24. Ne2 Ra2 25. Nc3 Ra5 26. Qd6 Nd7 27. Ne2 Bf8 28.
Rbc1 Ra2 29. Qd3 Ne5 0-1

[Event "Admiral Niels Juel Cup 2013"]
[Site "Koge"]
[Date "2013.04.24"]
[Round "6"]
[White "Rishubh Naresh, Naik"]
[Black "Strange, Mikkel"]
[Result "0-1"]
[WhiteElo "1942"]
[BlackElo "2335"]
[PlyCount "80"]
[EventDate "2013.??.??"]
[EventCountry "DEN"]


1. d4 f5 2. Bg5 c6 3. c4 Qb6 4. Qd2 d6 5. Nc3 Nd7 6. Be3 Ngf6 7. f3 Qa6 8. Qd3
e5 9. b3 d5 10. cxd5 Bb4 11. Bd2 Qxd3 12. exd3 exd4 13. Nce2 Bxd2+ 14. Kxd2 c5
15. Nf4 Kf7 16. h4 b6 17. Ngh3 h6 18. Be2 Bb7 19. d6 Rae8 20. Bd1 Nd5 21. Nxd5
Bxd5 22. Nf4 Nf6 23. a3 Rd8 24. b4 Rxd6 25. bxc5 bxc5 26. Rb1 Rb6 27. Rxb6 axb6
28. Nxd5 Nxd5 29. Bb3 Ke6 30. Re1+ Kd6 31. Bxd5 Kxd5 32. h5 Ra8 33. Re7 Rxa3
34. Rxg7 Ra2+ 35. Kc1 Rf2 36. Rd7+ Ke5 37. Rb7 Kf4 38. Rxb6 Ke3 39. Rc6 Rxg2
40. Rxc5 Rg5 0-1

[Event "Admiral Niels Juel Cup 2013"]
[Site "Koge"]
[Date "2013.04.24"]
[Round "6"]
[White "Dambrauskas, Virginijus"]
[Black "Pedersen, Nicolai Vesterbaek"]
[Result "0-1"]
[WhiteElo "2315"]
[BlackElo "2413"]
[PlyCount "88"]
[EventDate "2013.??.??"]
[EventCountry "DEN"]


1. Nf3 Nf6 2. c4 b6 3. g3 Bb7 4. Bg2 c5 5. O-O e6 6. Nc3 Be7 7. d3 d5 8. cxd5
Nxd5 9. Nxd5 Qxd5 10. Bd2 Bf6 11. Bc3 Bxc3 12. bxc3 O-O 13. Ne1 Qd7 14. Bxb7
Qxb7 15. f4 Nd7 16. Nf3 Rad8 17. Qc2 Rfe8 18. Ng5 h6 19. Ne4 Qc6 20. c4 f5 21.
Nc3 Nf6 22. Qb2 e5 23. fxe5 Rxe5 24. Nd5 Rde8 25. Nxf6+ Qxf6 26. Rf2 Qe6 27.
Kf1 h5 28. Rd1 Re3 29. Rg2 Re7 30. Rf2 h4 31. gxh4 f4 32. Ke1 f3 33. Rd2 Qg4
34. Kf1 fxe2+ 35. Rdxe2 Rxe2 36. Rxe2 Qf3+ 37. Ke1 Qh1+ 38. Kf2 Qxh2+ 39. Kf1
Qh3+ 40. Kf2 Qxh4+ 41. Kg2 Qg4+ 42. Kf2 Rxe2+ 43. Qxe2 Qxe2+ 44. Kxe2 Kf7 0-1

[Event "Admiral Niels Juel Cup 2013"]
[Site "Koge"]
[Date "2013.04.24"]
[Round "6"]
[White "Rosenkilde, Alexander"]
[Black "Nielsen, Michael(1983)"]
[Result "1-0"]
[WhiteElo "2247"]
[BlackElo "2176"]
[PlyCount "71"]
[EventDate "2013.??.??"]
[EventCountry "DEN"]


1. d4 Nf6 2. c4 c5 3. d5 e6 4. Nc3 exd5 5. cxd5 d6 6. Nf3 g6 7. g3 Bg7 8. Bg2
O-O 9. O-O a6 10. a4 Nbd7 11. Nd2 Re8 12. h3 Rb8 13. Nc4 Ne5 14. Na3 Nh5 15. e4
Bd7 16. a5 Qxa5 17. g4 Nf6 18. f4 Nexg4 19. hxg4 Nxg4 20. f5 Ne5 21. Bg5 Qc7
22. f6 Bh8 23. Nc2 b5 24. Ne3 a5 25. Ne2 b4 26. Rf4 a4 27. Kh1 Bb5 28. Nc1 c4
29. Qg1 c3 30. b3 axb3 31. Nxb3 Ra8 32. Rxa8 Rxa8 33. Nd4 Qb6 34. Ng4 Bd7 35.
Nh6+ Kf8 36. Ne6+ 1-0

[Event "Admiral Niels Juel Cup 2013"]
[Site "Koge"]
[Date "2013.04.24"]
[Round "6"]
[White "Aage, Bjarke Gadgaard"]
[Black "Shaikh, Mohammad Nubairshah"]
[Result "0-1"]
[WhiteElo "2067"]
[BlackElo "2166"]
[PlyCount "62"]
[EventDate "2013.??.??"]
[EventCountry "DEN"]


1. d4 d5 2. c4 c6 3. Nf3 Nf6 4. Nc3 dxc4 5. a4 Bf5 6. e3 e6 7. Bxc4 Bb4 8. O-O
O-O 9. h3 Nbd7 10. Nh4 Qe7 11. Qf3 Bg6 12. Nxg6 hxg6 13. e4 e5 14. d5 Rfd8 15.
Be3 Nc5 16. Bg5 Rac8 17. Na2 Ncxe4 18. Bxf6 Nxf6 19. dxc6 bxc6 20. Rfd1 Bc5 21.
Nc3 Rd4 22. b3 Rf4 23. Qd3 e4 24. Qb1 Rxf2 25. Kh1 Qe5 26. Ne2 Nh5 27. b4 Be3
28. Ra3 Rxe2 29. Bxe2 Ng3+ 30. Kh2 Nf1+ 31. Kh1 Qh2# 0-1

[Event "Admiral Niels Juel Cup 2013"]
[Site "Koge"]
[Date "2013.04.24"]
[Round "6"]
[White "Kokholm, Daniel"]
[Black "Pedersen, Hans Dahl"]
[Result "0-1"]
[WhiteElo "1937"]
[BlackElo "2174"]
[PlyCount "54"]
[EventDate "2013.??.??"]
[EventCountry "DEN"]


1. e4 c5 2. Nc3 e6 3. f4 Nc6 4. Nf3 d5 5. d3 g6 6. Qe2 Nge7 7. g3 Bg7 8. Bg2
O-O 9. O-O b6 10. Qf2 Bb7 11. e5 a6 12. Re1 Rc8 13. a4 Nf5 14. g4 Nfd4 15. Nxd4
Nxd4 16. Nd1 Qc7 17. c3 Nb3 18. Rb1 Qd7 19. g5 d4 20. Bxb7 Qxb7 21. c4 b5 22.
Rf1 bxc4 23. Bd2 cxd3 24. Qe1 c4 25. Bb4 d2 26. Bxd2 Nxd2 27. Qxd2 c3 0-1

[Event "Admiral Niels Juel Cup 2013"]
[Site "Koge"]
[Date "2013.04.24"]
[Round "6"]
[White "Grove, Michael"]
[Black "Dupovac, Faruk"]
[Result "1-0"]
[WhiteElo "2015"]
[BlackElo "1377"]
[PlyCount "79"]
[EventDate "2013.??.??"]
[EventCountry "DEN"]


1. e4 c5 2. Nf3 Nc6 3. Bb5 Qb6 4. Nc3 Nd4 5. Nd5 Nxf3+ 6. Qxf3 Qd6 7. d3 a6 8.
Bc4 Nf6 9. Nc3 e5 10. Bg5 Be7 11. a4 O-O 12. O-O b6 13. Bxf6 Qxf6 14. Nd5 Qd6
15. Ne3 Qf6 16. Nd5 Qd6 17. Ra3 Bd8 18. Rb1 Bb7 19. Ne3 g6 20. Bd5 Bc6 21. Nc4
Qc7 22. Ne3 Bg5 23. c4 Bxe3 24. fxe3 Bxd5 25. exd5 d6 26. b4 b5 27. axb5 axb5
28. Rxa8 Rxa8 29. bxc5 Qxc5 30. Rxb5 Ra1+ 31. Kf2 Qa3 32. Qf6 Qa7 33. Qxd6 Kg7
34. Qxe5+ f6 35. Qd4 Qa6 36. Rb6 Ra2+ 37. Kg3 Qa7 38. Qxf6+ Kh6 39. Qf4+ Kg7
40. Rc6 1-0

[Event "Admiral Niels Juel Cup 2013"]
[Site "Koge"]
[Date "2013.04.24"]
[Round "6"]
[White "Karunanayake, Mayuri"]
[Black "Brondum, Jan Kraul"]
[Result "1/2-1/2"]
[WhiteElo "1614"]
[BlackElo "1585"]
[PlyCount "35"]
[EventDate "2013.??.??"]
[EventCountry "DEN"]


1. e4 e5 2. Nf3 Nc6 3. Nc3 Nf6 4. d4 exd4 5. Nxd4 Bb4 6. Nxc6 Bxc3+ 7. bxc3
bxc6 8. Bd3 d6 9. O-O Bg4 10. f3 Be6 11. Be3 O-O 12. Qe2 a5 13. a4 Nd7 14. Bd2
Ne5 15. Rfb1 Nxd3 16. cxd3 f6 17. c4 f5 18. Rf1 1/2-1/2

[Event "Admiral Niels Juel Cup 2013"]
[Site "Koge"]
[Date "2013.04.24"]
[Round "6"]
[White "Andersen, Hans Erik"]
[Black "Anghel, Mihai Ursta"]
[Result "1/2-1/2"]
[WhiteElo "1719"]
[BlackElo "1643"]
[PlyCount "107"]
[EventDate "2013.??.??"]
[EventCountry "DEN"]


1. e4 c5 2. Bc4 g6 3. d3 Bg7 4. c3 e6 5. Be3 b6 6. Nd2 Ne7 7. Ne2 d5 8. Bb3 Bb7
9. Nf3 dxe4 10. dxe4 Qxd1+ 11. Rxd1 Bxe4 12. Nh4 O-O 13. Bg5 Nf5 14. Nxf5 Bxf5
15. Ng3 Nc6 16. Nxf5 exf5 17. O-O h6 18. Rd6 hxg5 19. Rxc6 Rac8 20. Rd6 Rc7 21.
Rxg6 c4 22. Rxg5 cxb3 23. axb3 Rc5 24. Re1 Rd8 25. Kf1 f6 26. Rg3 Re5 27. Ra1
Rd2 28. Rb1 Kf7 29. Re3 Bh6 30. Rh3 Bg7 31. b4 Ree2 32. Ra1 Rxf2+ 33. Ke1 Rde2+
34. Kd1 Re7 35. Ra2 Rxg2 36. c4 Kg6 37. Rg3+ Rxg3 38. hxg3 Bh6 39. c5 bxc5 40.
bxc5 Be3 41. b4 Rb7 42. c6 Rxb4 43. c7 Rd4+ 44. Ke2 Rc4 45. c8=Q Rxc8 46. Kxe3
Rc7 47. Kf4 Re7 48. Ra5 Rd7 49. Kf3 Rh7 50. Kf4 Rc7 51. Kf3 Kg5 52. Ra4 Re7 53.
Ra3 Rc7 54. Ra4 1/2-1/2

[Event "Admiral Niels Juel Cup 2013"]
[Site "Koge"]
[Date "2013.04.24"]
[Round "6"]
[White "Petersen, Henry"]
[Black "Bjorn, Steen"]
[Result "1/2-1/2"]
[WhiteElo "1159"]
[BlackElo "1608"]
[PlyCount "83"]
[EventDate "2013.??.??"]
[EventCountry "DEN"]


1. e4 c5 2. Nf3 Nc6 3. d4 cxd4 4. Nxd4 e5 5. Nxc6 bxc6 6. Bc4 Nf6 7. Qe2 Bc5 8.
Nc3 O-O 9. Be3 Bxe3 10. Qxe3 Qa5 11. O-O Re8 12. Rad1 Ba6 13. Bxa6 Qxa6 14. Rd6
Qb7 15. b3 Qc7 16. Rfd1 Rad8 17. R6d2 d6 18. Na4 d5 19. exd5 Rxd5 20. Rxd5 cxd5
21. c3 Rd8 22. f3 h6 23. Qc5 Qxc5+ 24. Nxc5 Ne8 25. Kf2 f6 26. b4 Nc7 27. a4
Kf7 28. Ke3 g5 29. g4 Ke7 30. Kd3 Rh8 31. Rh1 h5 32. h3 hxg4 33. fxg4 Ne6 34.
Nxe6 Kxe6 35. Ke3 Rc8 36. Kd3 Rc4 37. Rc1 f5 38. gxf5+ Kxf5 39. Rf1+ Rf4 40.
Rxf4+ gxf4 41. b5 e4+ 42. Ke2 1/2-1/2

[Event "Admiral Niels Juel Cup 2013"]
[Site "Koge"]
[Date "2013.04.25"]
[Round "7"]
[White "Danin, Alexandre"]
[Black "Gleizerov, Evgeny"]
[Result "1/2-1/2"]
[WhiteElo "2575"]
[BlackElo "2546"]
[PlyCount "41"]
[EventDate "2013.??.??"]
[EventCountry "DEN"]


1. e4 e6 2. d4 d5 3. Nc3 Nf6 4. e5 Nfd7 5. f4 c5 6. Nf3 Nc6 7. Be3 cxd4 8. Nxd4
Qb6 9. Ncb5 a6 10. Nf5 Bc5 11. Nbd6+ Kf8 12. Qh5 Nd8 13. Nxg7 Bxe3 14. Nxe6+
fxe6 15. Qe8+ Kg7 16. Qe7+ Kg8 17. Qg5+ Kf8 18. Qh6+ Kg8 19. Qg5+ Kf8 20. Qh6+
Kg8 21. Qg5+ 1/2-1/2

[Event "Admiral Niels Juel Cup 2013"]
[Site "Koge"]
[Date "2013.04.25"]
[Round "7"]
[White "Burmakin, Vladimir"]
[Black "Epishin, Vladimir"]
[Result "1/2-1/2"]
[WhiteElo "2580"]
[BlackElo "2612"]
[PlyCount "68"]
[EventDate "2013.??.??"]
[EventCountry "DEN"]


1. d4 Nf6 2. Nf3 g6 3. Bf4 Bg7 4. c3 b6 5. e3 Bb7 6. h3 O-O 7. Be2 d6 8. O-O
Nbd7 9. a4 a6 10. Bh2 c5 11. Qb3 Qc7 12. Rd1 Rac8 13. Na3 cxd4 14. exd4 Rfe8
15. Bc4 e6 16. Ne1 Bf8 17. Nec2 Qd8 18. Ne3 d5 19. Bd3 Nb8 20. Qc2 Bd6 21. Bxd6
Qxd6 22. Qe2 Kg7 23. Nac2 a5 24. Na3 Nc6 25. Ng4 Nxg4 26. Qxg4 Rcd8 27. Nb5 Qb8
28. Re1 Bc8 29. Qh4 Bd7 30. Re3 e5 31. dxe5 Rxe5 32. Rxe5 Qxe5 33. Rd1 Qf6 34.
Qxf6+ Kxf6 1/2-1/2

[Event "Admiral Niels Juel Cup 2013"]
[Site "Koge"]
[Date "2013.04.25"]
[Round "7"]
[White "Sokolov, Ivan"]
[Black "Sharma, Dinesh K"]
[Result "1/2-1/2"]
[WhiteElo "2643"]
[BlackElo "2371"]
[PlyCount "93"]
[EventDate "2013.??.??"]
[EventCountry "DEN"]


1. d4 Nf6 2. c4 g6 3. Nc3 Bg7 4. e4 d6 5. Be2 O-O 6. Nf3 Na6 7. Be3 e5 8. O-O
Ng4 9. Bg5 Qe8 10. h3 f6 11. Bd2 Nh6 12. Re1 Nf7 13. Rc1 c6 14. d5 c5 15. Nb5
Qe7 16. Nh2 Bh6 17. Bg4 Bf4 18. a3 Bd7 19. Rc3 Bxb5 20. cxb5 Nc7 21. a4 b6 22.
Nf1 a6 23. bxa6 Rxa6 24. Be2 Ra7 25. Ne3 Bxe3 26. Rxe3 Qd7 27. b3 b5 28. axb5
Nxb5 29. b4 cxb4 30. Rb3 Nd4 31. Rxb4 Nxe2+ 32. Qxe2 Rb7 33. Reb1 Rfb8 34. Qa6
Rxb4 35. Rxb4 Rxb4 36. Bxb4 Qc7 37. Qc6 Qb8 38. Qc4 Kg7 39. g3 Qd8 40. Kg2 Qb6
41. h4 Qa7 42. Bd2 Qb6 43. Qc2 h5 44. Be3 Qb4 45. f3 Qb5 46. Bf2 Qa6 47. Be3
1/2-1/2

[Event "Admiral Niels Juel Cup 2013"]
[Site "Koge"]
[Date "2013.04.25"]
[Round "7"]
[White "Strange, Mikkel"]
[Black "Narciso Dublan, Marc"]
[Result "1/2-1/2"]
[WhiteElo "2335"]
[BlackElo "2551"]
[PlyCount "118"]
[EventDate "2013.??.??"]
[EventCountry "DEN"]


1. e4 e5 2. Nf3 Nc6 3. Nc3 Nf6 4. d4 exd4 5. Nxd4 Bb4 6. Nxc6 bxc6 7. Bd3 d5 8.
exd5 cxd5 9. O-O O-O 10. Bg5 c6 11. Qf3 Be7 12. h3 h6 13. Bf4 Nd7 14. Na4 Bf6
15. c4 Ne5 16. Bxe5 Bxe5 17. Rac1 Be6 18. b3 Qd6 19. cxd5 cxd5 20. Nc5 Bd4 21.
b4 Rab8 22. Nxe6 fxe6 23. Qg4 e5 24. b5 Rb6 25. a4 e4 26. a5 Rb7 27. Rc6 Qe5
28. Rc8 Rbf7 29. Rxf8+ Rxf8 30. Be2 Kh7 31. b6 axb6 32. a6 Rf7 33. Bb5 Bc5 34.
Bd7 b5 35. Qe6 Qxe6 36. Bxe6 Rf6 37. Bxd5 e3 38. Rc1 Bb6 39. Bf3 exf2+ 40. Kf1
g5 41. Be2 Rf7 42. Rc6 Ba7 43. Bd3+ Kg7 44. Rg6+ Kf8 45. Rxh6 b4 46. Rh8+ Ke7
47. Bc4 Rg7 48. Rh6 Kd7 49. Rf6 Re7 50. Rf7 Rxf7 51. Bxf7 Kc6 52. g3 Kb5 53. h4
gxh4 54. gxh4 Kxa6 55. h5 Kb5 56. h6 Ka4 57. h7 Bd4 58. h8=Q Bxh8 59. Kxf2 b3
1/2-1/2

[Event "Admiral Niels Juel Cup 2013"]
[Site "Koge"]
[Date "2013.04.25"]
[Round "7"]
[White "Ulibin, Mikhail"]
[Black "Roy Chowdhury, Saptarshi"]
[Result "1-0"]
[WhiteElo "2521"]
[BlackElo "2471"]
[PlyCount "83"]
[EventDate "2013.??.??"]
[EventCountry "DEN"]


1. e4 c5 2. Nf3 Nc6 3. Bb5 e6 4. O-O Nge7 5. Re1 a6 6. Bf1 d5 7. e5 Ng6 8. c3
Be7 9. d4 Bd7 10. g3 cxd4 11. cxd4 Rc8 12. h4 Bb4 13. Nc3 h6 14. Bd2 O-O 15.
Bd3 f5 16. Ne2 Bxd2 17. Qxd2 Qa5 18. Qxa5 Nxa5 19. Rac1 Ne7 20. Nf4 Kf7 21. h5
Rxc1 22. Rxc1 Rc8 23. Rxc8 Bxc8 24. Kf1 Bd7 25. Ke1 Nac6 26. Kd2 Na7 27. Kc3
Bb5 28. Bc2 a5 29. a4 Ba6 30. b4 axb4+ 31. Kxb4 b6 32. Kc3 Nec6 33. Ne1 b5 34.
Bd3 b4+ 35. Kb3 Bxd3 36. Nexd3 Nxd4+ 37. Kxb4 Ke7 38. Kc5 Nac6 39. Kb6 Kd7 40.
a5 Kc8 41. a6 Kb8 42. Nxe6 1-0

[Event "Admiral Niels Juel Cup 2013"]
[Site "Koge"]
[Date "2013.04.25"]
[Round "7"]
[White "Satyapragyan, Swayangsu"]
[Black "Pavlovic, Milos"]
[Result "1/2-1/2"]
[WhiteElo "2463"]
[BlackElo "2509"]
[PlyCount "45"]
[EventDate "2013.??.??"]
[EventCountry "DEN"]


1. e4 c5 2. Nf3 e6 3. d4 cxd4 4. Nxd4 a6 5. Nc3 Qc7 6. g3 Nf6 7. Bg2 Nc6 8. O-O
Bc5 9. Nb3 Ba7 10. a4 d6 11. Qe2 O-O 12. Bg5 Ne5 13. Rad1 Ne8 14. Kh1 Nc4 15.
Bc1 Bd7 16. Nd4 Nf6 17. g4 d5 18. exd5 exd5 19. h3 Rae8 20. Qd3 Bc6 21. b3 Bb8
22. f4 Nd6 23. b4 1/2-1/2

[Event "Admiral Niels Juel Cup 2013"]
[Site "Koge"]
[Date "2013.04.25"]
[Round "7"]
[White "Pedersen, Nicolai Vesterbaek"]
[Black "Rozentalis, Eduardas"]
[Result "1-0"]
[WhiteElo "2413"]
[BlackElo "2631"]
[PlyCount "111"]
[EventDate "2013.??.??"]
[EventCountry "DEN"]


1. d4 Nf6 2. c4 e6 3. Nc3 Bb4 4. Qc2 O-O 5. a3 Bxc3+ 6. Qxc3 b6 7. Bg5 Bb7 8.
e3 d6 9. Ne2 Nbd7 10. Qd3 c5 11. Nc3 h6 12. Bh4 d5 13. cxd5 exd5 14. Be2 a6 15.
O-O c4 16. Qf5 Qe8 17. e4 Qe6 18. Qxe6 fxe6 19. e5 g5 20. Bg3 Ne8 21. f4 Ng7
22. fxg5 hxg5 23. Bf2 Rf7 24. g4 Ne8 25. Be3 Rg7 26. Bd1 b5 27. Ne2 Rc8 28. Bc2
a5 29. Ng3 b4 30. axb4 axb4 31. Nh5 b3 32. Nxg7 Kxg7 33. Bb1 Nc7 34. Bxg5 Nb5
35. Be3 Rh8 36. Ra5 Rh3 37. Rxb5 Bc6 38. Ra5 Rxe3 39. Ra6 Bb5 40. Rxe6 c3 41.
Re7+ Kh6 42. e6 Nf8 43. bxc3 Bxf1 44. Kxf1 Rxc3 45. Bf5 b2 46. Rb7 Nxe6 47. h4
Nc7 48. Rxb2 Kg7 49. Kf2 Ne8 50. Rb7+ Kf8 51. Rb6 Ke7 52. Re6+ Kf7 53. Re5 Nc7
54. h5 Kf6 55. h6 Rb3 56. g5+ 1-0

[Event "Admiral Niels Juel Cup 2013"]
[Site "Koge"]
[Date "2013.04.25"]
[Round "7"]
[White "Solodovnichenko, Yuri"]
[Black "Rosenkilde, Alexander"]
[Result "1-0"]
[WhiteElo "2543"]
[BlackElo "2247"]
[PlyCount "121"]
[EventDate "2013.??.??"]
[EventCountry "DEN"]


1. e4 c5 2. Nf3 Nc6 3. Bb5 e6 4. O-O Nge7 5. b3 Ng6 6. Bb2 f6 7. Re1 Be7 8. Nc3
O-O 9. d4 cxd4 10. Nxd4 a6 11. Bf1 Qc7 12. Nce2 b6 13. c4 Bb7 14. g3 Rad8 15.
Bg2 Rfe8 16. Qc2 Nge5 17. Rad1 Nb4 18. Qb1 Bf8 19. Nf4 Nbc6 20. Rc1 Nxd4 21.
Bxd4 Bc5 22. Bb2 Nc6 23. Red1 Bd6 24. Nd3 Ne5 25. Nxe5 Bxe5 26. Ba3 Qc6 27. Rd2
Bb8 28. Qd3 d6 29. Bb2 Re7 30. a4 a5 31. Rcd1 Qc5 32. Bd4 Qc6 33. Qe3 Bc7 34.
Bb2 Bb8 35. Ba3 Red7 36. Qe2 Kf7 37. Qh5+ Kg8 38. Re2 Qc8 39. Qg4 Re8 40. h4
Qd8 41. Red2 Qe7 42. Qe2 Red8 43. Qe3 Bc7 44. Rd3 Qf7 45. Qe2 Ba8 46. R1d2 Qe7
47. Qd1 Qf8 48. Bf3 Kf7 49. Kh2 Bb8 50. e5 Bxf3 51. Qxf3 Kg8 52. exd6 Bxd6 53.
Kg2 Bxa3 54. Rxd7 Rxd7 55. Rxd7 h6 56. Qc6 Bc5 57. Qxe6+ Kh7 58. Qf5+ Kh8 59.
Rc7 Qg8 60. Rc8 Bf8 61. Qg6 1-0

[Event "Admiral Niels Juel Cup 2013"]
[Site "Koge"]
[Date "2013.04.25"]
[Round "7"]
[White "Prosviriakov, Vladimir"]
[Black "Pedersen, Hans Dahl"]
[Result "1/2-1/2"]
[WhiteElo "2304"]
[BlackElo "2174"]
[PlyCount "156"]
[EventDate "2013.??.??"]
[EventCountry "DEN"]


1. f4 c5 2. Nf3 d5 3. g3 Nf6 4. Bg2 Nc6 5. O-O e6 6. d3 Be7 7. c3 O-O 8. Qe1 b5
9. e4 dxe4 10. dxe4 Qc7 11. e5 Nd5 12. Nbd2 Ba6 13. Qe2 Qb6 14. Kh1 Rad8 15.
Ne4 Na5 16. Nfg5 h6 17. Qh5 b4 18. Re1 Bd3 19. Be3 Nc4 20. Bg1 Nxb2 21. cxb4
Qxb4 22. Nh3 Nc3 23. Nhf2 Nxe4 24. Nxe4 Bxe4 25. Rxe4 Qc3 26. Rf1 Rd2 27. Ree1
Nd3 28. Re3 Qb2 29. Be4 Nf2+ 30. Bxf2 Rxf2 31. Rfe1 Rd8 32. R3e2 Rd2 33. Rxf2
Rxf2 34. Rb1 Qe2 35. Qxe2 Rxe2 36. Rb8+ Bf8 37. Bd3 Rxa2 38. Rc8 a5 39. Rc7 Rd2
40. Bb5 Rd8 41. Ra7 Rc8 42. Bc4 Rb8 43. Rxa5 Rb4 44. Bf1 Rb2 45. Ra8 g5 46. Bd3
gxf4 47. gxf4 Rd2 48. Bb5 Rf2 49. Ra4 Rb2 50. Bd3 Rb4 51. Rxb4 cxb4 52. f5 Bc5
53. fxe6 fxe6 54. Bc4 Kf7 55. Kg2 Bd4 56. Kf3 Bxe5 57. h3 Kf6 58. Ke4 Bg3 59.
Kf3 Be1 60. Bb3 e5 61. Bd5 Kg5 62. Bb3 Kf6 63. Ke4 Bc3 64. Bg8 Kg5 65. Be6 Kh4
66. Kf3 Bb2 67. Ke3 Kg3 68. Ke4 Bd4 69. Kd3 h5 70. Ke4 h4 71. Kd3 b3 72. Bxb3
Kxh3 73. Ke2 Kg3 74. Bd5 Kf4 75. Kf1 h3 76. Be6 Kg3 77. Bd5 Bc3 78. Kg1 Bd4+
1/2-1/2

[Event "Admiral Niels Juel Cup 2013"]
[Site "Koge"]
[Date "2013.04.25"]
[Round "7"]
[White "Arjun, Bharat"]
[Black "Vovk, Oksana"]
[Result "1/2-1/2"]
[WhiteElo "2281"]
[BlackElo "2133"]
[PlyCount "32"]
[EventDate "2013.??.??"]
[EventCountry "DEN"]


1. d4 Nf6 2. c4 e6 3. g3 d5 4. Nf3 Be7 5. Bg2 O-O 6. O-O Nbd7 7. Nc3 c6 8. Qd3
b6 9. e4 Ba6 10. b3 Rc8 11. Nd2 dxc4 12. Nxc4 Ne5 13. Qe3 Nxc4 14. bxc4 Bxc4
15. Rd1 Qd7 16. Bb2 Rfd8 1/2-1/2

[Event "Admiral Niels Juel Cup 2013"]
[Site "Koge"]
[Date "2013.04.25"]
[Round "7"]
[White "Stojanovski, Sandi"]
[Black "Grove, Michael"]
[Result "1-0"]
[WhiteElo "2260"]
[BlackElo "2015"]
[PlyCount "53"]
[EventDate "2013.??.??"]
[EventCountry "DEN"]


1. d4 Nf6 2. c4 c5 3. Nf3 cxd4 4. Nxd4 e5 5. Nb5 d5 6. cxd5 Bc5 7. N5c3 O-O 8.
g3 Qb6 9. e3 Bg4 10. f3 Bf5 11. e4 Bf2+ 12. Kd2 Nxe4+ 13. fxe4 Nc6 14. dxc6
Rfd8+ 15. Bd3 Qxc6 16. Qf3 Bg6 17. Ke2 Bd4 18. Nd5 Qe6 19. Nbc3 Rac8 20. Bd2 a6
21. a4 Rd7 22. g4 Ba7 23. Rhe1 f6 24. Kf1 Qe8 25. Kg2 Bf7 26. Be3 Bd4 27. Rad1
1-0